[Event "FRA-ch Blitz Online Qual"]
[Site "Europe Echecs INT"]
[Date "2020.05.16"]
[Round "2"]
[White "Janon, Nicolas"]
[Black "De Seroux, Camille"]
[Result "0-1"]
[WhiteElo "1392"]
[BlackElo "2137"]
[PlyCount "80"]
[EventDate "2020.05.16"]
[EventType "swiss (blitz)"]
[EventRounds "15"]
[EventCountry "FRA"]
[SourceTitle "CBM 196 Extra"]
[Source "ChessBase"]
[SourceDate "2020.07.31"]
[SourceVersion "1"]
[SourceVersionDate "2020.07.31"]
[SourceQuality "1"]

1. e4 c5 2. Nf3 Nc6 3. d4 cxd4 4. Nxd4 Nf6 5. Nxc6 bxc6 6. Bd3 d6 7. 0-0 g6 8. Nc3 Bg7 9. Be3 0-0 10. Qe2 Ng4 11. h3 Nxe3 12. Qxe3 Rb8 13. Rab1 Qa5 14. a3 Be6 15. Qc1 Bxc3 16. bxc3 Qxc3 17. Rxb8 Rxb8 18. Rd1 c5 19. Re1 Rb2 20. Re3 Qxa3 21. Bc4 Qb4 22. Bxe6 Rb1 23. Bxf7+ Kxf7 24. Rf3+ Kg7 25. Qxb1 Qxb1+ 26. Kh2 Qxc2 27. h4 Qxe4 28. Kh3 e5 29. h5 c4 30. hxg6 hxg6 31. Rg3 d5 32. f3 Qf5+ 33. Rg4 c3 34. Kg3 c2 35. f4 c1Q 36. fxe5 Qe3+ 37. Kh4 Qexe5 38. Kh3 Qe3+ 39. g3 Qh5+ 40. Kg2 Qxg4 0-1